| 000 -LEADER |
| fixed length control field |
01149nam a2200277Ia 4500 |
| 001 - CONTROL NUMBER |
| control field |
14086 |
| 003 - CONTROL NUMBER IDENTIFIER |
| control field |
GE_BSU |
| 005 - DATE AND TIME OF LATEST TRANSACTION |
| control field |
20241104172017.0 |
| 008 - FIXED-LENGTH DATA ELEMENTS--GENERAL INFORMATION |
| fixed length control field |
181216s1986||||un |||||||||||||| ||rus|| |
| 040 ## - CATALOGING SOURCE |
| Transcribing agency |
GE_BSU |
| 041 ## - LANGUAGE CODE |
| Language code of text/sound track or separate title |
ru |
| 080 ## - UNIVERSAL DECIMAL CLASSIFICATION NUMBER |
| Universal Decimal Classification number |
616-056.3(075.8) А-31 |
| 100 ## - MAIN ENTRY--PERSONAL NAME |
| Personal name |
Бережная, Н. |
| 9 (RLIN) |
23615 |
| 245 ## - TITLE STATEMENT |
| Title |
Аллергология : |
| Remainder of title |
Словарь-справочник / |
| Statement of responsibility, etc. |
H. Бережная, Л. Бобкова, И. Петровская, С. И. Ялкут ; ред. Г. М. Ледяева, А. В. Янковская и др. |
| 264 ## - PRODUCTION, PUBLICATION, DISTRIBUTION, MANUFACTURE, AND COPYRIGHT NOTICE |
| Place of production, publication, distribution, manufacture |
Киев : |
| Name of producer, publisher, distributor, manufacturer |
Наукова думка, |
| Date of production, publication, distribution, manufacture, or copyright notice |
1986. |
| 300 ## - PHYSICAL DESCRIPTION |
| Extent |
445 стр. ; |
| Dimensions |
22 см. |
| 653 ## - INDEX TERM--UNCONTROLLED |
| keyword |
Аллергология |
| 653 ## - INDEX TERM--UNCONTROLLED |
| keyword |
Словарь-справочник |
| 700 ## - ADDED ENTRY--PERSONAL NAME |
| Personal name |
Бобкова, Л.П., |
| Titles and other words associated with a name |
ავტორი |
| 9 (RLIN) |
23616 |
| 700 ## - ADDED ENTRY--PERSONAL NAME |
| Personal name |
Петровская, И. А., |
| Titles and other words associated with a name |
ავტორი |
| 9 (RLIN) |
23617 |
| 700 ## - ADDED ENTRY--PERSONAL NAME |
| Personal name |
Ялкут, С.И., |
| Titles and other words associated with a name |
ავტორი |
| 9 (RLIN) |
23618 |
| 700 ## - ADDED ENTRY--PERSONAL NAME |
| Personal name |
Ледяева, Г. М., |
| Titles and other words associated with a name |
რედაქტორი |
| 9 (RLIN) |
23619 |
| 700 ## - ADDED ENTRY--PERSONAL NAME |
| Personal name |
Янковская, А. В., |
| Titles and other words associated with a name |
რედაქტორი |
| 9 (RLIN) |
23620 |
| 942 ## - ADDED ENTRY ELEMENTS (KOHA) |
| Koha item type |
წიგნი |
| Source of classification or shelving scheme |
|